00000000nas 2200000zi 4500
0019.946016
003CaOODSP
00520250108144919
006m     o  d f      
007cr cn|||||||||
008241210c20249999oncar p o    f0###b0fre|d
022 |a2818-9248
040 |aCaOODSP|bfre|erda|cCaOODSP
043 |an-cn---
0861 |aFA1-38F-PDF
1101 |aCanada. |bBureau du vérificateur général, |eauteur, |eorganisme de publication.
222 0|aRapport d'étape annuel de ... sur le Plan d'accessibilité ... du BVG
24510|aRapport d'étape annuel de ... sur le Plan d'accessibilité ... du BVG.
2463 |aRapport d'étape annuel de ... sur le Plan d'accessibilité ... du Bureau du vérificateur général
2463 |aBureau du vérificateur général du Canada (BVG), Rapport d'étape annuel de ... sur le Plan d'accessibiité ... du BVG
264 1|a[Ottawa] : |bBureau du vérificateur général du Canada = Office of the Auditor General of Canada, |c[2024]-
310 |aAnnuel
336 |atexte|btxt|2rdacontent/fre
337 |ainformatique|bc|2rdamedia/fre
338 |aressource en ligne|bcr|2rdacarrier/fre
3621 |aParaît depuis : 2024.
500 |aPublié aussi en anglais sous le titre : Annual progress report on the OAG Accessibility plan.
588 |aDescription d'après : 2024.
588 |aDernière livraison consultée : 2024.
61016|aCanada. |bBureau du vérificateur général|vPériodiques.
650 6|aAccessibilité aux personnes handicapées|zCanada|xPlanification|vPériodiques.
650 6|aPersonnes handicapées|xPolitique gouvernementale|zCanada|vPériodiques.
655 7|aPériodiques|2rvmgf
77508|t... annual progress report on the OAG accessibility plan.|w(CaOODSP)9.946014